Score 0/16 Timer 02:00
4 Plays Today
Clue 4-Letter Word % Correct
Tranquil or sereneCALM
90.6%
A pole for supporting sailsMAST
87.3%
A soothing lotion or creamBALM
85.6%
A young steerCALF
85.2%
12:30 pm or [Rung 1] [Rung 9] [Rung 16]NOON
82.4%
Indonesian island known for its resortsBALI
81.7%
12:30 pm or [Rung 1] [Rung 9] [Rung 16]HALF
81%
Softened grain used for beer-makingMALT
80.4%
Clue 4-Letter Word % Correct
RippedTORN
80.1%
12:30 pm or [Rung 1] [Rung 9] [Rung 16]PAST
79.5%
Landlocked Western African countryMALI
78.4%
An international treatyPACT
67.5%
Agreeably sharp to the tasteTART
65.7%
Any of three Norse goddesses of fateNORN
64.8%
Legally, a wrongful actTORT
63.6%
A keen sense of what to say to maintain good relationsTACT
62.4%

Today's Daily Dose

Remove Ads.
Support Sporcle.
Get the best of Sporcle when you Go Orange. This ad-free experience offers more features, more stats, and more fun while also helping to support Sporcle. Thank you for becoming a member.

You're not logged in!

Compare scores with friends on all Sporcle quizzes.
OR
Log In

Show Comments

Extras

Top Quizzes Today


Score Distribution

Your Account Isn't Verified!

In order to create a playlist on Sporcle, you need to verify the email address you used during registration. Go to your Sporcle Settings to finish the process.

Report this User

Report this user for behavior that violates our Community Guidelines.

Details: